| 000 | 01505namaa22003251i 4500 | ||
|---|---|---|---|
| 005 | 20260517130210.0 | ||
| 008 | 260517s1994 ua a|||frm||| 000 0 eng d | ||
| 040 |
_aEG-GICUC _beng _cEG-GICUC _dEG-GICUC _erda |
||
| 041 | 0 |
_aeng _beng _bara |
|
| 049 | _aDeposit | ||
| 097 | _aM.Sc | ||
| 099 | _aCai01.09.09.1994.As.E | ||
| 100 | 0 |
_aAshraf Emil Eskander, _epreparation. |
|
| 245 | 1 | 0 |
_aAn Electromyographic Study on the effect of recording the neutral zone on muscular activity in complete denture wearers / _cBy Ashraf Emil Eskander ; Supervisors Prof. Dr. Samira I. Ibrahim, Dr. Taha Kamel Taha, Dr. Amal Fathy Kaddah |
| 246 | 1 | 5 | _aدراسة عضلية كهربية عن تأثير تعيين المنطقة المحايد علي النشاط العضلي في مستخدمي الاطقم الكاملة |
| 264 | 0 | _c1995. | |
| 300 |
_a140 Leaves _billustrations _c30 cm. + |
||
| 336 |
_2rda content _atext |
||
| 337 |
_2rdamedia _aUnmediated |
||
| 338 |
_2rdacarrier _avolume |
||
| 502 | _aThesis (M.Sc.)-Cairo University, 1995. | ||
| 504 | _aBibliography: pages 117-140 | ||
| 653 | 0 | _amuscular activity in complete denture wearers | |
| 700 | 0 |
_aSamira I. Ibrahim _ethesis advisor. |
|
| 700 | 0 |
_aTaha Kamel Taha _ethesis advisor. |
|
| 700 | 0 |
_aAmal Fathy Kaddah _ethesis advisor. |
|
| 900 |
_DDepartment of prosthodontics _FFaculty of Oral And Dental Medicine _UCairo University _b1994 _cSamira I. Ibrahim _cTaha Kamel Taha _cAmal Fathy Kaddah |
||
| 905 | _aNehad | ||
| 942 |
_2ddc _cTH _e21 _n0 |
||
| 999 | _c180182 | ||